000 00880nas a2200277 4500
001 BR8303529
003 BR-BrBNA
005 20231205085603.0
007 ta
008 230509b bl.|||p| |||| 00| 00por d
040 _aBR-BrBNA
_bpor
_cBiblioteca Nacional de Agricultura
041 _a(Pt)
072 _aP20
100 1 _aGarrido, M.A. de O.
100 1 _aTabanez, M.F.
100 1 _aDurigan, G.
111 1 _a4. Congresso Florestal Brasileiro
_cBelo Horizonte, MG (Brazil)
_d10-15 May 1982
245 1 _aImplantacao de area de recreacao e de educacao ambiental em florestas homogeneas
650 _aEDUCACAO
650 _aMEIO AMBIENTE
650 _aFLORESTA
650 _aESTACAO EXPERIMENTAL
773 0 _tSilvicultura (Brazil)
_xISSN 0100-3615
_g(Jan-Feb 1983), v. 8(28) p. 64-69
_wBR8303529
909 _a202311
_bLúcia
_c55
_dLúcia Elande
942 _2AGRIS
_n0
_cANA
999 _c112401
_d112401